The Vertebrate Body (Record no. 735)

000 -LEADER
fixed length control field 00553nam a22002057a 4500
003 - CONTROL NUMBER IDENTIFIER
control field OSt
005 - DATE AND TIME OF LATEST TRANSACTION
control field 20210421084025.0
008 - FIXED-LENGTH DATA ELEMENTS--GENERAL INFORMATION
fixed length control field 201221s1955 ||||| |||| 00| 0 eng d
040 ## - CATALOGING SOURCE
Original cataloging agency eng
Language of cataloging eng
Transcribing agency DLC
Modifying agency eng
041 ## - LANGUAGE CODE
Language code of text/sound track or separate title eng
080 ## - UNIVERSAL DECIMAL CLASSIFICATION NUMBER
Universal Decimal Classification number 59
Item number R-75
100 ## - MAIN ENTRY--PERSONAL NAME
9 (RLIN) 561
Personal name Romer, Sherwood. Alfred
245 ## - TITLE STATEMENT
Title The Vertebrate Body
Statement of responsibility, etc. / by: W. B. Saunders Company
250 ## - EDITION STATEMENT
Edition statement 2nd edition
260 ## - PUBLICATION, DISTRIBUTION, ETC.
Place of publication, distribution, etc. Philadelphia
Name of publisher, distributor, etc. W. B. Saunders Company
Date of publication, distribution, etc. 1955
300 ## - PHYSICAL DESCRIPTION
Extent 644 p.
Other physical details ill.
650 #0 - SUBJECT ADDED ENTRY--TOPICAL TERM
9 (RLIN) 466
Topical term or geographic name entry element Zoology
653 ## - INDEX TERM--UNCONTROLLED
Uncontrolled term ზოოლოგია
942 ## - ADDED ENTRY ELEMENTS (KOHA)
Source of classification or shelving scheme
Koha item type Books
Edition 2
Holdings
Withdrawn status Lost status Source of classification or shelving scheme Damaged status Not for loan Permanent location Current location Date acquired Inventory number Total Checkouts Full call number Barcode Date last seen Price effective from Koha item type
          Ken Walker International University Ken Walker International University 12/21/2020 2130   59 R-75 2130 12/21/2020 12/21/2020 Books

Powered by Koha